000
00338 a2200157 4500
001
64121
020
_a
9788564305243
040
_c
Anchieta - Pituba
100
_a
Lana, Débora
240
1
0
_a
A escolha de Bianca
_l
por
245
1
0
_a
A escolha de Bianca
300
_a
48
362
0
_a
2012
650
4
_a
Literatura juvenil
942
_c
BK
999
_c
64121
_d
64121